000 00641cam a22002293a 4500
001 12475
003 PGUSA
005 20140828083252.0
008 040501s2004||||xxu|||||s|||||000 p eng d
040 _aPGUSA
_beng
042 _adc
050 4 _aPS
100 1 _aMackay, Isabel Ecclestone,
_d1875-1928
245 1 0 _aFires of Driftwood
_h[electronic resource] /
_cIsabel Ecclestone Mackay
260 _bProject Gutenberg,
_c2004
506 _aPublic domain in the USA.
516 _aElectronic text
653 _aCanadian poetry
830 0 _aProject Gutenberg
_v12475
856 4 0 _uhttp://www.gutenberg.org/ebooks/12475
942 _cEB
999 _c241730
_d241730